Severe Fever with Thrombocytopenia Syndrome

This book presents the latest knowledge on all aspects of severe fever with thrombocytopenia syndrome (SFTS), an emerging infectious disease endemic to China, South Korea, and Japan that is caused by a bunyavirus first discovered in 2011, widely referred to as SFTS virus (SFTSV) though recently rena...

Πλήρης περιγραφή

Λεπτομέρειες βιβλιογραφικής εγγραφής
Συγγραφή απο Οργανισμό/Αρχή: SpringerLink (Online service)
Άλλοι συγγραφείς: Saijo, Masayuki (Επιμελητής έκδοσης, http://id.loc.gov/vocabulary/relators/edt)
Μορφή: Ηλεκτρονική πηγή Ηλ. βιβλίο
Γλώσσα:English
Έκδοση: Singapore : Springer Singapore : Imprint: Springer, 2019.
Έκδοση:1st ed. 2019.
Θέματα:
Διαθέσιμο Online:Full Text via HEAL-Link
LEADER 04169nam a2200481 4500
001 978-981-13-9562-8
003 DE-He213
005 20191028232525.0
007 cr nn 008mamaa
008 191011s2019 si | s |||| 0|eng d
020 |a 9789811395628  |9 978-981-13-9562-8 
024 7 |a 10.1007/978-981-13-9562-8  |2 doi 
040 |d GrThAP 
050 4 |a QR355-502 
072 7 |a MMFM  |2 bicssc 
072 7 |a MED052000  |2 bisacsh 
072 7 |a MKFM  |2 thema 
082 0 4 |a 616.9101  |2 23 
245 1 0 |a Severe Fever with Thrombocytopenia Syndrome  |h [electronic resource] /  |c edited by Masayuki Saijo. 
250 |a 1st ed. 2019. 
264 1 |a Singapore :  |b Springer Singapore :  |b Imprint: Springer,  |c 2019. 
300 |a VIII, 246 p. 56 illus., 42 illus. in color.  |b online resource. 
336 |a text  |b txt  |2 rdacontent 
337 |a computer  |b c  |2 rdamedia 
338 |a online resource  |b cr  |2 rdacarrier 
347 |a text file  |b PDF  |2 rda 
505 0 |a 1. Introduction -- 2. The Discovery Process of SFTS in China -- 3. The discovery process of SFTS in Japan -- 4. Severe Fever with Thrombocytopenia Syndrome in the Republic of Korea -- 5. Virology of SFTSV -- 6. Molecular epidemiology of SFTSV -- 7. Epidemiology of SFTS in China -- 8. Epidemiology of SFTS virus from ticks and animals in the Republic of Korea -- 9. Epidemiology of SFTS in Japan -- 10. Seroprevalence and risk factors of severe fever with thrombocytopenia syndrome : Seroepidemiology of SFTS -- 11. Clinical aspects of SFTS -- 12. Pathology of severe fever with thrombocytopenia syndrome -- 13. Circulation of severe fever with thrombocytopenia syndrome virus (SFTSV) in nature: transmission of SFTSV between mammals and ticks -- 14. Laboratory diagnosis for SFTS -- 15. Antiviral drugs for the therapeutics of SFTS -- 16. Infection control and prevention in hospitals and household -- 17. Animal experimental models for the study on severe fever with thrombocytopenia syndrome virus infection -- 18. Similarity and difference in characteristics of two diseases, SFTS and CCHF, and their causative agents. 
520 |a This book presents the latest knowledge on all aspects of severe fever with thrombocytopenia syndrome (SFTS), an emerging infectious disease endemic to China, South Korea, and Japan that is caused by a bunyavirus first discovered in 2011, widely referred to as SFTS virus (SFTSV) though recently renamed Huaiyangshan banyangvirus. The contents will be of interest for the light that they cast on not only this viral infection but viral hemorrhagic fevers in general. The opening chapters summarize general considerations and perspectives regarding SFTS and describe the discovery process in each of the affected countries. The basic mechanism of SFTSV infection is then examined from the perspectives of epidemiology, pathology, and virology. The book goes on to examine in detail the mode of spread and transmission of SFTSV, means of infection control, and diagnosis and therapy. The final two chapters explore Heartland virus infections and Crimean-Congo hemorrhagic fever with the aim of highlighting similarities and differences compared with SFTS. This book will be of interest to all researchers who study emerging viruses and infections, whether in Asia or elsewhere, as well as to clinicians who may encounter SFTS. . 
650 0 |a Virology. 
650 0 |a Infectious diseases. 
650 0 |a Immunology. 
650 1 4 |a Virology.  |0 http://scigraph.springernature.com/things/product-market-codes/B22003 
650 2 4 |a Infectious Diseases.  |0 http://scigraph.springernature.com/things/product-market-codes/H33096 
650 2 4 |a Immunology.  |0 http://scigraph.springernature.com/things/product-market-codes/B14000 
700 1 |a Saijo, Masayuki.  |e editor.  |4 edt  |4 http://id.loc.gov/vocabulary/relators/edt 
710 2 |a SpringerLink (Online service) 
773 0 |t Springer eBooks 
776 0 8 |i Printed edition:  |z 9789811395611 
776 0 8 |i Printed edition:  |z 9789811395635 
776 0 8 |i Printed edition:  |z 9789811395642 
856 4 0 |u https://doi.org/10.1007/978-981-13-9562-8  |z Full Text via HEAL-Link 
912 |a ZDB-2-SBL 
950 |a Biomedical and Life Sciences (Springer-11642)